000 00823nam a22002657a 4500
003 DO-SdBNP
005 20171124111905.0
008 161031b 1955 mx 00| 0 spa d
020 _a9681606051
040 _aBPMSU
_bspa
_cBPMSU
082 _axxxx
_bxxxx
100 _aCopland, Aaron
_d1900-1990
240 1 0 _aWhat to listen for in music /
245 1 0 _aCómo escuchar la música /
_cAaron Copland : traducción Jesús Bal y Gay
250 _a7a. reimpresión del 1982
260 _aMéxico :
_bFondo de Cultura Económica,
_c1955.
_g1982.
300 _a218 p. :
_bpart.
_c18 cm.
490 0 _aBreviarios
_v101
700 1 _aBal y Gay, Jesús
_etrad
830 0 _aBreviarios
_n101
910 _a000144
942 _2ddc
_cBK
945 _aInventariado extranjero / 2017 YL
956 _aYLOCKWARD
_b10
_c20171124
_d144
999 _c13076
_d13076